[Event "1.GRS Open"]
[Site "Ober-Ramstadt, Modauhalle"]
[Date "2024.07.27"]
[Round "2.1"]
[White "Engel, Bruno"]
[Black "Kunin, Vitaly"]
[Result "1/2-1/2"]
[WhiteElo "2185"]
[BlackElo "2522"]
[PlyCount "200"]
[EventDate "2024.07.26"]
[WhiteTeam "Lübecker SV von 1873"]
[BlackTeam "FB Mörlenbach-Birkenau"]

1. e4 c5 2. Nf3 e6 3. d4 cxd4 4. Nxd4 a6 5. Bd3 Bc5 6. Nb3 Ba7 7. Qe2 Ne7 8. Be3 O-O 9. c4 d6 10. O-O b6 11. Nc3 Nd7 12. Rad1 Ne5 13. f4 Nxd3 14. Qxd3 Bb8 15. c5 bxc5 16. Bxc5 a5 17. a4 Nc6 18. Be3 Ba6 19. Nb5 Ba7 20. Bxa7 Nxa7 21. Qxd6 Nxb5 22. axb5 Bxb5 23. Qxd8 Rfxd8 24. Rxd8+ Rxd8 25. Rc1 a4 26. Nd4 Be8 27. Rc4 Rb8 28. Rc2 Rb4 29. Rd2 Kf8 30. Kf2 Ke7 31. Ke3 f6 32. Rc2 Kd6 33. Rd2 Ke7 34. Rc2 Kd6 35. Rd2 Rb7 36. Nb3+ Ke7 37. Nd4 Bd7 38. e5 fxe5 39. fxe5 g5 40. g3 Ra7 41. h4 a3 42. bxa3 Rxa3+ 43. Rd3 Ra5 44. Ke4 gxh4 45. gxh4 Ra1 46. Rg3 Kf7 47. Rf3+ Kg7 48. Rb3 Re1+ 49. Kf4 Rf1+ 50. Kg4 Rd1 51. Rb4 Kg6 52. Rc4 Be8 53. Nf3 Kh6 54. Ng5 Rg1+ 55. Kh3 Re1 56. Re4 Rh1+ 57. Kg3 Bg6 58. Rf4 Re1 59. Rf6 Rxe5 60. Nxe6 Re3+ 61. Kf2 Rh3 62. Nf4 Rxh4 63. Nxg6 hxg6 64. Ra6 Rh3 65. Kg2 Rb3 66. Ra5 Re3 67. Rb5 Kg7 68. Ra5 Kf6 69. Kg1 Re5 70. Ra4 Kf5 71. Kf2 Kg5 72. Kg3 Re3+ 73. Kg2 Kf5 74. Rb4 Ra3 75. Kg1 Ra2 76. Rc4 Re2 77. Ra4 Re4 78. Ra3 Kg4 79. Kf2 g5 80. Kg2 Re2+ 81. Kg1 Kh4 82. Rb3 Ra2 83. Rc3 Kh5 84. Rb3 Ra7 85. Rc3 Re7 86. Ra3 Kg4 87. Rb3 Re4 88. Ra3 Kf4 89. Rb3 Re3 90. Rxe3 Kxe3 91. Kg2 Kf4 92. Kf2 Kg4 93. Kg2 Kh4 94. Kh2 g4 95. Kg2 g3 96. Kg1 Kg4 97. Kg2 Kf4 98. Kg1 Kf3 99. Kf1 g2+ 100. Kg1 Kg3 1/2-1/2

[Event "1.GRS Open"]
[Site "Ober-Ramstadt, Modauhalle"]
[Date "2024.07.27"]
[Round "2.2"]
[White "Korneev, Oleg"]
[Black "Wolf, Ulrich Martin"]
[Result "1-0"]
[WhiteElo "2459"]
[BlackElo "2187"]
[PlyCount "95"]
[EventDate "2024.07.26"]
[WhiteTeam "TSV Schönaich"]
[BlackTeam "SK Bad Homburg 1927"]

1. e4 c5 2. Nf3 Nc6 3. d4 cxd4 4. Nxd4 e5 5. Nb5 d6 6. N1c3 a6 7. Na3 Be7 8. Nc4 b5 9. Ne3 Nf6 10. Bd3 Nb4 11. Be2 O-O 12. O-O Be6 13. a3 Nc6 14. Bd3 Nd7 15. Ncd5 Bg5 16. c3 Nf6 17. Bc2 Kh8 18. Nxf6 Bxf6 19. Bb3 Rc8 20. Nd5 Bg5 21. Bxg5 Qxg5 22. Nb4 a5 23. Nxc6 Rxc6 24. Bd5 Rb6 25. Qd3 Bd7 26. b4 a4 27. Rac1 h5 28. Qe3 Qxe3 29. fxe3 Kg8 30. Rfd1 Bg4 31. Rd2 Rc8 32. c4 bxc4 33. Rdc2 Be6 34. Rxc4 Rxc4 35. Rxc4 Bxd5 36. exd5 Rb5 37. e4 Kf8 38. Kf2 f5 39. Ke3 f4+ 40. Kd3 Rb7 41. Rc6 Ke7 42. h4 Ra7 43. b5 Kd7 44. Kc4 g5 45. hxg5 h4 46. b6 f3 47. gxf3 Ra8 48. Rc7+ 1-0

[Event "1.GRS Open"]
[Site "Ober-Ramstadt, Modauhalle"]
[Date "2024.07.27"]
[Round "2.3"]
[White "Staudacher, Magnus Johann"]
[Black "Poetsch, Hagen"]
[Result "0-1"]
[WhiteElo "2115"]
[BlackElo "2453"]
[PlyCount "100"]
[EventDate "2024.07.26"]
[WhiteTeam "SK Bremen-Nord"]
[BlackTeam "SC Heusenstamm"]

1. Nf3 g6 2. d4 Bg7 3. b3 c5 4. Bb2 cxd4 5. Nxd4 Nf6 6. e3 O-O 7. Be2 d6 8. O-O Nbd7 9. c4 Nc5 10. Nc3 a6 11. Rc1 e5 12. Nc2 Bf5 13. Nb4 Qa5 14. a3 Qb6 15. g4 Be6 16. g5 Nfe4 17. Nd3 Nxd3 18. Bxd3 Nxg5 19. h4 Nh3+ 20. Kg2 Qd8 21. Rh1 Qxh4 22. Qf3 Qg5+ 23. Kf1 Qg4 24. Qxg4 Bxg4 25. Ne4 Rad8 26. Kg2 f5 27. Nd2 Ng5 28. Bc3 e4 29. Bxg7 Kxg7 30. Bc2 d5 31. Rhe1 d4 32. exd4 Rxd4 33. Nf1 f4 34. Nh2 Bh3+ 35. Kg1 Bf5 36. Red1 Rfd8 37. Rxd4 Rxd4 38. Nf1 Kf6 39. c5 Nf3+ 40. Kg2 Ne5 41. Bb1 a5 42. Bc2 h5 43. Rb1 h4 44. b4 axb4 45. axb4 Rc4 46. Rb2 h3+ 47. Kg1 Nf3+ 48. Kh1 Ke5 49. Bd1 Rc1 50. Be2 Nd4 0-1

[Event "1.GRS Open"]
[Site "Ober-Ramstadt, Modauhalle"]
[Date "2024.07.27"]
[Round "2.4"]
[White "Levin, Felix"]
[Black "Hahn, Werner"]
[Result "1-0"]
[WhiteElo "2422"]
[BlackElo "2171"]
[PlyCount "99"]
[EventDate "2024.07.26"]
[WhiteTeam "Düsseldorfer SK 14/25"]
[BlackTeam "SC Schachmatt Weiterstadt"]

1. d4 Nf6 2. Nf3 g6 3. g3 Bg7 4. Bg2 O-O 5. O-O d6 6. Nc3 Nbd7 7. a4 a5 8. e4 c6 9. h3 Qc7 10. Be3 e5 11. Qd2 Re8 12. Rfe1 b6 13. Rad1 Bb7 14. g4 Rad8 15. Nh2 exd4 16. Bxd4 Nc5 17. g5 Nh5 18. Bxg7 Nxg7 19. Ng4 Nh5 20. Nf6+ Nxf6 21. gxf6 Kh8 22. Qh6 Rg8 23. f4 Rde8 24. Re2 Re6 25. e5 dxe5 26. fxe5 Ba6 27. Re3 Rxe5 28. Qf4 Re7 29. Qxc7 Rxc7 30. Re7 Rcc8 31. Rxf7 Bc4 32. Re7 Rgf8 33. Rd6 b5 34. b3 b4 35. Ne4 Nxe4 36. Bxe4 Bd5 37. Kf2 Bxe4 38. Rxe4 Rc7 39. Ke3 Kg8 40. Kd4 c5+ 41. Kc4 Kf7 42. Kb5 Rb8+ 43. Kxa5 Ra7+ 44. Ra6 Rxa6+ 45. Kxa6 Kxf6 46. a5 g5 47. Ka7 Rg8 48. a6 h5 49. Kb7 Kf5 50. Re1 1-0

[Event "1.GRS Open"]
[Site "Ober-Ramstadt, Modauhalle"]
[Date "2024.07.27"]
[Round "2.5"]
[White "Mueller, Alexander"]
[Black "Yankelevich, Lev"]
[Result "1/2-1/2"]
[WhiteElo "2145"]
[BlackElo "2416"]
[PlyCount "76"]
[EventDate "2024.07.26"]
[WhiteTeam "Nürnberg"]
[BlackTeam "Le Cavalier Differdange"]

1. d4 Nf6 2. Bg5 d5 3. Nd2 c6 4. e3 Bf5 5. Bxf6 exf6 6. c4 Qb6 7. Qc1 Be7 8. Ne2 O-O 9. Nc3 Qd8 10. Be2 dxc4 11. Nxc4 Nd7 12. O-O Nb6 13. Rd1 Nd5 14. Bf3 Be6 15. e4 Nxc3 16. Qxc3 Bxc4 17. Qxc4 Qb6 18. Rac1 Rfd8 19. Rc2 g6 20. Rcd2 Kg7 21. g3 h5 22. h4 Rd7 23. Kg2 Rad8 24. a3 Bd6 25. Qc3 Be7 26. Qc4 a6 27. Qc3 a5 28. Qc4 Bd6 29. Qc3 Bb8 30. e5 fxe5 31. dxe5 Rxd2 32. Rxd2 Rxd2 33. e6+ Be5 34. Qxd2 Qc7 35. exf7 Kxf7 36. Be4 Qd6 37. Qxd6 Bxd6 38. a4 Kf6 1/2-1/2

[Event "1.GRS Open"]
[Site "Ober-Ramstadt, Modauhalle"]
[Date "2024.07.27"]
[Round "2.6"]
[White "Bagrationi, Alexander"]
[Black "Kirchner, Markus"]
[Result "1-0"]
[WhiteElo "2409"]
[BlackElo "2159"]
[PlyCount "97"]
[EventDate "2024.07.26"]
[WhiteTeam "Schachverein Hemer 1932"]
[BlackTeam "SC Heusenstamm"]

1. d4 f5 2. g3 Nf6 3. Bg2 g6 4. Nf3 Bg7 5. b3 O-O 6. Bb2 d6 7. O-O c6 8. Nbd2 Qc7 9. Re1 Ne4 10. c4 d5 11. Qc2 e6 12. Ne5 Nd7 13. Ndf3 Ndf6 14. Nd3 Bh6 15. Nfe5 Bd7 16. f3 Nd6 17. Bc1 Bg7 18. c5 Nf7 19. Nxf7 Rxf7 20. Bf4 Qc8 21. Be5 Rf8 22. a4 g5 23. b4 a6 24. Qd2 h6 25. Bd6 Re8 26. Ne5 Qd8 27. Rab1 Bf8 28. Bxf8 Rxf8 29. h4 Nh7 30. hxg5 hxg5 31. Kf2 Kg7 32. Rh1 Be8 33. Rh2 Qf6 34. Rbh1 Rh8 35. Bf1 Bf7 36. Rh6 Qe7 37. Qe3 Rag8 38. Nxf7 Qxf7 39. Rxe6 Re8 40. Rhh6 Rxe6 41. Rxe6 Kf8 42. Qe5 Kg8 43. Re7 Qf6 44. Qxf6 Nxf6 45. Rxb7 Rh2+ 46. Bg2 g4 47. Rb6 f4 48. gxf4 Nh5 49. e3 1-0

[Event "1.GRS Open"]
[Site "Ober-Ramstadt, Modauhalle"]
[Date "2024.07.27"]
[Round "2.7"]
[White "Volkov, Mykyta"]
[Black "Eull, Emil"]
[Result "1-0"]
[WhiteElo "2306"]
[BlackElo "2137"]
[PlyCount "149"]
[EventDate "2024.07.26"]
[WhiteTeam "Elberfelder SG"]
[BlackTeam "SF Neuberg"]

1. d4 d5 2. c4 e6 3. Nc3 Nf6 4. cxd5 exd5 5. Bg5 c6 6. e3 Be7 7. Bd3 Nbd7 8. Nge2 h6 9. Bh4 Nh5 10. Bxe7 Qxe7 11. Qd2 Nb6 12. O-O O-O 13. b3 Bd7 14. Rae1 Rae8 15. Nd1 Qg5 16. f3 g6 17. Nec3 f5 18. Nf2 Kh7 19. Bb1 Bc8 20. Nd3 Nd7 21. a4 a5 22. f4 Qd8 23. Ne5 Nhf6 24. Ne2 Ne4 25. Bxe4 fxe4 26. Rc1 Qb6 27. Qc2 Nxe5 28. fxe5 Bg4 29. Ng3 h5 30. h3 Be6 31. Ne2 Qd8 32. Qc5 Kg7 33. Qa7 Qe7 34. Qxa5 g5 35. Ng3 Kg6 36. Ne2 Rxf1+ 37. Rxf1 Rf8 38. Rxf8 Qxf8 39. Qe1 h4 40. Qf2 Qe7 41. Kh2 Bf5 42. Nc3 Qb4 43. Qc2 Kh6 44. Kg1 c5 45. dxc5 d4 46. exd4 Qxd4+ 47. Kh1 Qxc5 48. Qd2 Qxe5 49. Nd1 Qa1 50. Qd6+ Kg7 51. Kh2 Qf6 52. Qc7+ Qf7 53. Qe5+ Qf6 54. Qb8 Qb6 55. Qe5+ Qf6 56. Qc7+ Qf7 57. Qxf7+ Kxf7 58. Ne3 Be6 59. b4 Kf6 60. g3 Ke5 61. gxh4 gxh4 62. a5 Kd4 63. Ng2 Kc4 64. Nxh4 e3 65. Kg3 Kd3 66. Ng2 Kd2 67. h4 e2 68. Kf2 Kc3 69. b5 Kb4 70. a6 bxa6 71. bxa6 Kb5 72. Nf4 Bg4 73. a7 Bf3 74. h5 Ka6 75. h6 1-0

[Event "1.GRS Open"]
[Site "Ober-Ramstadt, Modauhalle"]
[Date "2024.07.27"]
[Round "2.8"]
[White "Chua, Ethan"]
[Black "Weber, Samuel"]
[Result "1-0"]
[WhiteElo "2131"]
[BlackElo "2220"]
[PlyCount "73"]
[EventDate "2024.07.26"]
[WhiteTeam "Eindhoven"]
[BlackTeam "SV Oberursel"]

1. e4 c6 2. d4 d5 3. exd5 cxd5 4. Nf3 Nc6 5. Bb5 Bd7 6. a4 Nf6 7. O-O Rc8 8. c3 Bg4 9. h3 Bxf3 10. Qxf3 e6 11. Bf4 Bd6 12. Bxd6 Qxd6 13. Nd2 O-O 14. Qe2 Ne7 15. a5 Qd8 16. Rfe1 Nf5 17. Bd3 Nd6 18. Rec1 Re8 19. b3 Re7 20. Qe5 Rcc7 21. c4 dxc4 22. bxc4 Nf5 23. d5 Nd7 24. Qf4 Nc5 25. Bxf5 e5 26. Qe3 g6 27. Ne4 Nxe4 28. Bxe4 f5 29. c5 Re8 30. d6 Rg7 31. Qb3+ Kh8 32. Bxb7 e4 33. Rd1 f4 34. c6 f3 35. Qe3 Rf7 36. c7 Qh4 37. d7 1-0

[Event "1.GRS Open"]
[Site "Ober-Ramstadt, Modauhalle"]
[Date "2024.07.27"]
[Round "2.9"]
[White "Hirneise, Jens"]
[Black "Akhmatovski, Maxim"]
[Result "1/2-1/2"]
[WhiteElo "2300"]
[BlackElo "2074"]
[PlyCount "151"]
[EventDate "2024.07.26"]
[WhiteTeam "SC Böblingen 1975 e.V."]
[BlackTeam "SV Oberursel"]

1. e4 e6 2. d4 d5 3. exd5 exd5 4. Nf3 Nf6 5. Bd3 c5 6. O-O c4 7. Re1+ Be7 8. Bf1 O-O 9. b3 cxb3 10. axb3 Nc6 11. h3 Bf5 12. c4 Nb4 13. Re2 Ne4 14. Bb2 Re8 15. Nc3 a6 16. c5 h5 17. Na4 Rc8 18. Nb6 Rc6 19. Ne5 Re6 20. Qe1 Rxb6 21. cxb6 f6 22. Nf3 Qxb6 23. Nh4 Bh7 24. Qd1 g5 25. Rxe4 Bxe4 26. Qxh5 Rd8 27. Ng6 Bf8 28. Re1 Kg7 29. Nxf8 Rxf8 30. Ba3 Rh8 31. Qg4 Qxd4 32. Rd1 Qb6 33. Bxb4 Qxb4 34. f3 Qc5+ 35. Kh1 Bg6 36. Qd7+ Bf7 37. Qxb7 a5 38. Bd3 Qe3 39. Qd7 Rb8 40. Bc2 Qf2 41. Qf5 Qh4 42. Kg1 Re8 43. Kf1 Re5 44. Qg4 Qxg4 45. hxg4 Re3 46. Rd3 Rxd3 47. Bxd3 Kf8 48. Ke2 Ke7 49. Ke3 d4+ 50. Kxd4 Bxb3 51. g3 Bd1 52. f4 Bxg4 53. fxg5 fxg5 54. Ke5 Bd1 55. Kf5 g4 56. Ke5 Kd7 57. Bb5+ Kc7 58. Kd5 Kb6 59. Bd7 Bf3+ 60. Kd6 Be2 61. Kd5 Bd1 62. Kc4 Bf3 63. Ba4 Bc6 64. Bd1 Bd7 65. Kd4 Kb5 66. Kc3 Kc5 67. Bb3 Bf5 68. Bd1 Kd5 69. Kb3 Kc5 70. Ka3 Bd7 71. Be2 Be6 72. Bd1 Kb6 73. Be2 Bd7 74. Bd1 a4 75. Bxg4 Bxg4 76. Kxa4 1/2-1/2

[Event "1.GRS Open"]
[Site "Ober-Ramstadt, Modauhalle"]
[Date "2024.07.27"]
[Round "2.10"]
[White "Henrich, Thomas"]
[Black "Hinrichs, Paul"]
[Result "0-1"]
[WhiteElo "2102"]
[BlackElo "2256"]
[PlyCount "112"]
[EventDate "2024.07.26"]
[WhiteTeam "SK Marburg 1931/72"]
[BlackTeam "Sfr.Heidesheim"]

1. e4 e5 2. Nf3 Nc6 3. Bb5 a6 4. Ba4 Nf6 5. O-O Be7 6. Re1 b5 7. Bb3 d6 8. c3 O-O 9. h3 Bb7 10. d3 Na5 11. Bc2 c5 12. Nbd2 Re8 13. Nf1 Bf8 14. Ng3 g6 15. d4 exd4 16. cxd4 Bg7 17. Bf4 Qb6 18. a4 cxd4 19. axb5 Nd7 20. bxa6 Bxa6 21. Ba4 Red8 22. Bg5 f6 23. Bd2 Nc4 24. Bc1 Nde5 25. Nxd4 d5 26. b3 dxe4 27. bxc4 Rxd4 28. Qb3 Qxb3 29. Bxb3 Nd3 30. Be3 Rdd8 31. Bb6 Nxe1 32. Bxd8 f5 33. Ra4 Rxd8 34. Rxa6 Rd7 35. c5+ Kf8 36. c6 Rc7 37. Nf1 Bd4 38. Ne3 Bxe3 39. fxe3 Nd3 40. Ba4 Ke7 41. Bb5 Ne5 42. Ra8 Kd6 43. Rh8 Kc5 44. Ba4 Kb4 45. Ra8 Nd3 46. g4 Nc5 47. Bd1 Rxc6 48. gxf5 gxf5 49. Rf8 Kc3 50. Be2 Kd2 51. Kf2 Nd3+ 52. Bxd3 exd3 53. Rxf5 Re6 54. e4 Rxe4 55. Ra5 Rf4+ 56. Kg3 Rf7 0-1

[Event "1.GRS Open"]
[Site "Ober-Ramstadt, Modauhalle"]
[Date "2024.07.27"]
[Round "2.11"]
[White "Wenzel, Calvin"]
[Black "Chassard, Cedric"]
[Result "0-1"]
[WhiteElo "2022"]
[BlackElo "2244"]
[PlyCount "26"]
[EventDate "2024.07.26"]
[WhiteTeam "SK 1980 Gernsheim"]
[BlackTeam "SVG Saarbrücken 1970 e.V."]

1. e4 c5 2. Nf3 d6 3. d4 cxd4 4. Nxd4 Nf6 5. Nc3 a6 6. Bg5 Nbd7 7. Qe2 h6 8. Bh4 g6 9. O-O-O e5 10. Nb3 Be7 11. f3 b5 12. a3 Nb6 13. f4 Bg4 0-1

[Event "1.GRS Open"]
[Site "Ober-Ramstadt, Modauhalle"]
[Date "2024.07.27"]
[Round "2.12"]
[White "Sydykov, Bayastan"]
[Black "Nies, Peter"]
[Result "1-0"]
[WhiteElo "2268"]
[BlackElo "2079"]
[PlyCount "71"]
[EventDate "2024.07.26"]
[WhiteTeam "SK 1858 Gießen"]
[BlackTeam "SK 1980 Gernsheim"]

1. e4 e6 2. d4 d5 3. Nc3 Nf6 4. e5 Nfd7 5. f4 c5 6. Nf3 Nc6 7. Be3 cxd4 8. Nxd4 Bc5 9. Qd2 a6 10. O-O-O O-O 11. Nb3 Bb4 12. Bd3 a5 13. a3 a4 14. Nd4 Bc5 15. Bb5 Nb6 16. Nxc6 Bxe3 17. Qxe3 bxc6 18. Bxc6 Rb8 19. Bb5 Bd7 20. Be2 Qc7 21. Na2 Rfc8 22. Nb4 Na8 23. Kb1 Rxb4 24. axb4 Qxc2+ 25. Ka1 a3 26. bxa3 d4 27. Qxd4 Bc6 28. Bf3 h6 29. Rc1 Qa4 30. Kb2 Qb5 31. Qc4 Qb8 32. Bxc6 Nb6 33. Qa6 Qc7 34. Bb5 Qd8 35. Rxc8 Nxc8 36. Rd1 1-0

[Event "1.GRS Open"]
[Site "Ober-Ramstadt, Modauhalle"]
[Date "2024.07.27"]
[Round "2.13"]
[White "Burkart, Lloyd Shang"]
[Black "Klundt, Klaus"]
[Result "1/2-1/2"]
[WhiteElo "2071"]
[BlackElo "2262"]
[PlyCount "98"]
[EventDate "2024.07.26"]
[WhiteTeam "SV 1920 Hofheim"]
[BlackTeam "SC Heusenstamm"]

1. d4 Nf6 2. c4 e6 3. Nf3 d5 4. e3 Be7 5. Nc3 O-O 6. b3 b6 7. cxd5 exd5 8. Bd3 Bb7 9. O-O Nbd7 10. Bb2 c5 11. Rc1 a6 12. Qe2 Bd6 13. Rfd1 Re8 14. Bf5 cxd4 15. Nxd4 Nc5 16. h3 Qe7 17. Bb1 g6 18. Nf3 Rad8 19. Qd2 Ne6 20. Nd4 Ng5 21. Qe2 Ne6 22. Qd2 Bb4 23. Nxe6 fxe6 24. Qd4 e5 25. Qh4 Bd6 26. Ne2 Rf8 27. Qg5 Rde8 28. Rf1 Nh5 29. Qxe7 Rxe7 30. a3 Nf6 31. Rfd1 Nd7 32. Ba2 b5 33. b4 Nb6 34. Nc3 Rc7 35. Nxd5 Nxd5 36. Bxd5+ Bxd5 37. Rxc7 Bxc7 38. Rxd5 e4 39. Rd7 Rf7 40. Rd4 Re7 41. Kf1 Kf7 42. Rd2 Ke6 43. Ke2 Bb6 44. Bd4 Bxd4 45. Rxd4 Ke5 46. Rd8 Rc7 47. Kd2 Rf7 48. Ke2 Rc7 49. Kd2 Rf7 1/2-1/2

[Event "1.GRS Open"]
[Site "Ober-Ramstadt, Modauhalle"]
[Date "2024.07.27"]
[Round "2.14"]
[White "Boidman, Yuri"]
[Black "Özdemir, Ali Özden"]
[Result "1-0"]
[WhiteElo "2254"]
[BlackElo "2064"]
[PlyCount "65"]
[EventDate "2024.07.26"]
[WhiteTeam "SC Heimbach-Weis/Neuwied"]
[BlackTeam "SK Langen"]

1. e4 c5 2. Nf3 d6 3. d4 cxd4 4. Qxd4 Nc6 5. Bb5 Bd7 6. Bxc6 Bxc6 7. Nc3 Nf6 8. Bg5 e6 9. O-O-O Be7 10. Qd3 Qa5 11. h4 O-O 12. Nd4 Rac8 13. f4 Rfe8 14. f5 Ng4 15. Qg3 h5 16. Bxe7 Rxe7 17. Qxd6 Rec7 18. fxe6 fxe6 19. Qxe6+ Kh8 20. Nxc6 Rxc6 21. Rd5 Qb6 22. Rxh5+ Nh6 23. Qh3 Qb4 24. Rd1 a6 25. Rhd5 Kh7 26. R5d3 b5 27. g4 Qa5 28. a3 b4 29. axb4 Qa1+ 30. Kd2 Qxb2 31. Rb1 Qa3 32. g5 Nf7 33. g6+ 1-0

[Event "1.GRS Open"]
[Site "Ober-Ramstadt, Modauhalle"]
[Date "2024.07.27"]
[Round "2.15"]
[White "Marcziter, Dmitrii"]
[Black "Rosenberger, Frank"]
[Result "1-0"]
[WhiteElo "2204"]
[BlackElo "2062"]
[PlyCount "69"]
[EventDate "2024.07.26"]
[WhiteTeam "SG Porz"]
[BlackTeam "SK 1980 Gernsheim"]

1. d4 d5 2. c4 c6 3. Nf3 Nf6 4. Nc3 e6 5. Bg5 Be7 6. e3 Nbd7 7. cxd5 exd5 8. Qc2 O-O 9. Bd3 Re8 10. O-O Nf8 11. Rae1 Ne4 12. Bxe7 Qxe7 13. Bxe4 dxe4 14. Nd2 f5 15. f3 exf3 16. Nxf3 Be6 17. e4 fxe4 18. Rxe4 Rad8 19. Re5 h6 20. Ne4 Qb4 21. a3 Qc4 22. Qf2 b6 23. Qg3 Kh8 24. Rh5 Bd5 25. Nd6 Rxd6 26. Qxd6 Nh7 27. Re5 Rg8 28. Re7 Nf6 29. Qe5 Qc2 30. b4 a5 31. bxa5 bxa5 32. Qf4 Qa4 33. Ne5 Qxa3 34. Ng6+ Kh7 35. Qxf6 1-0

[Event "1.GRS Open"]
[Site "Ober-Ramstadt, Modauhalle"]
[Date "2024.07.27"]
[Round "2.16"]
[White "Vladov, Arsenii"]
[Black "Minor, Samuel"]
[Result "1-0"]
[WhiteElo "2059"]
[BlackElo "2202"]
[PlyCount "25"]
[EventDate "2024.07.26"]
[WhiteTeam "Westerburg"]
[BlackTeam "Wiesbadener SV 1885"]

1. Nf3 Nf6 2. g3 b5 3. Bg2 Bb7 4. O-O e6 5. d4 c5 6. Na3 a6 7. c4 cxd4 8. cxb5 Bxa3 9. bxa3 axb5 10. Qxd4 O-O 11. Bb2 Ra4 12. Qd3 Na6 13. Ng5 1-0

[Event "1.GRS Open"]
[Site "Ober-Ramstadt, Modauhalle"]
[Date "2024.07.27"]
[Round "2.17"]
[White "Agrest, Inna"]
[Black "Windmüller, Simon"]
[Result "1-0"]
[WhiteElo "2194"]
[BlackElo "1976"]
[PlyCount "99"]
[EventDate "2024.07.26"]
[WhiteTeam "SC Viernheim 1934 e.V."]
[BlackTeam "SC Turm Illingen"]

1. e4 c6 2. d4 d5 3. f3 Qb6 4. Nc3 dxe4 5. fxe4 e5 6. Nf3 exd4 7. Qxd4 Qxd4 8. Nxd4 Nd7 9. Bf4 Ngf6 10. a3 Nb6 11. O-O-O Be7 12. h3 Nh5 13. Bh2 Bg5+ 14. Kb1 Bf4 15. g4 Bxh2 16. Rxh2 Nf4 17. Rf2 Ng6 18. Nf5 O-O 19. Nd6 Rb8 20. Ne2 Ne5 21. Nf4 f6 22. Be2 Bd7 23. Rg1 Rfd8 24. g5 g6 25. gxf6 Bxh3 26. f7+ Kf8 27. Rg5 Rxd6 28. Rxe5 Bd7 29. c4 Na4 30. c5 Rd2 31. Nd3 Bg4 32. Bxg4 Rxd3 33. Kc2 Rd4 34. b3 Nxc5 35. Rxc5 Rxe4 36. Bd7 Rd8 37. Be8 Rd5 38. Rc3 h5 39. Rg3 g5 40. Rf6 Re2+ 41. Kc3 Rdd2 42. Rh6 Rc2+ 43. Kd4 c5+ 44. Kd5 Ke7 45. Rf3 Red2+ 46. Ke5 Re2+ 47. Kf5 Rf2 48. Re6+ Kf8 49. Rxf2 Rxf2+ 50. Kg6 1-0

[Event "1.GRS Open"]
[Site "Ober-Ramstadt, Modauhalle"]
[Date "2024.07.27"]
[Round "2.18"]
[White "Geske, Bruna"]
[Black "Petersen, Henrik"]
[Result "0-1"]
[WhiteElo "2024"]
[BlackElo "2194"]
[PlyCount "56"]
[EventDate "2024.07.26"]
[WhiteTeam "Wiesbadener SV 1885"]
[BlackTeam "SV 03/25 Koblenz"]

1. e4 c6 2. Nf3 d5 3. d3 Qc7 4. h3 e5 5. Be2 Nf6 6. exd5 Nxd5 7. O-O Bd6 8. Nbd2 O-O 9. Nc4 c5 10. Re1 Nc6 11. Bf1 Bf5 12. Nh4 Be6 13. Nf3 f6 14. c3 Rad8 15. d4 cxd4 16. cxd4 Bb4 17. Bd2 b5 18. Na3 a6 19. dxe5 fxe5 20. Bxb4 Ndxb4 21. Qe2 Nd3 22. Red1 Nf4 23. Qe3 Bd5 24. Rac1 Qe7 25. Nb1 Nxh3+ 26. gxh3 Rxf3 27. Qb6 Qg5+ 28. Bg2 Rd3 0-1

[Event "1.GRS Open"]
[Site "Ober-Ramstadt, Modauhalle"]
[Date "2024.07.27"]
[Round "2.19"]
[White "Diehl, Stefan"]
[Black "Baranyai-Molnar, Adam-Kristof"]
[Result "0-1"]
[WhiteElo "1878"]
[BlackElo "2102"]
[PlyCount "174"]
[EventDate "2024.07.26"]
[WhiteTeam "SC Eschborn 1974"]
[BlackTeam "SF Neuberg"]

1. f4 e5 2. fxe5 d6 3. exd6 Bxd6 4. Nf3 Nf6 5. d4 O-O 6. Bg5 Re8 7. Qd3 Nbd7 8. Nbd2 h6 9. Bh4 g5 10. Nxg5 hxg5 11. Bxg5 Be7 12. Qg3 Nh5 13. Bxe7+ Nxg3 14. Bxd8 Nxh1 15. Bxc7 Nf6 16. Be5 Ng4 17. Ne4 f6 18. Nxf6+ Nxf6 19. Bxf6 Bf5 20. g3 Be4 21. Be5 Rf8 22. Bf4 Kf7 23. e3 Rac8 24. c4 Rh8 25. h3 b5 26. c5 a6 27. a4 Ra8 28. Rc1 Bc6 29. Rd1 Bd5 30. Rc1 Rae8 31. axb5 Nxg3 32. Be5 Rxe5 33. dxe5 Nxf1 34. Kxf1 Rxh3 35. Ke2 axb5 36. Kd3 Bc4+ 37. Kd4 Rh4+ 38. e4 Rh8 39. Rc3 Rd8+ 40. Ke3 Ke7 41. b3 Be6 42. c6 b4 43. Rc5 Bxb3 44. Rb5 Ba4 45. Rb7+ Ke6 46. c7 Rc8 47. Rxb4 Bc6 48. Kd4 Rxc7 49. Rb6 Ke7 50. Ke3 Rc8 51. Ra6 Kd7 52. Ra5 Rh8 53. Ra7+ Ke6 54. Ra6 Kd7 55. Ra7+ Kd8 56. Rf7 Rh4 57. Rf4 Rh1 58. Kd4 Ke7 59. Rg4 Rd1+ 60. Ke3 Ba8 61. Ke2 Rd4 62. Ke3 Ra4 63. Rh4 Ke6 64. Rf4 Kxe5 65. Rf5+ Ke6 66. Rf4 Bc6 67. Rh4 Be8 68. Rh6+ Ke5 69. Rh8 Bg6 70. Rd8 Rxe4+ 71. Kd2 Rh4 72. Ra8 Be4 73. Re8+ Kd4 74. Rd8+ Bd5 75. Re8 Rh2+ 76. Re2 Rh3 77. Kc1 Rh1+ 78. Kb2 Rd1 79. Rh2 Be4 80. Rh8 Rb1+ 81. Ka2 Rb7 82. Rc8 Bd5+ 83. Ka3 Bc4 84. Ra8 Rb1 85. Rh8 Kc3 86. Rh3+ Bd3 87. Ka2 Rb7 0-1

[Event "1.GRS Open"]
[Site "Ober-Ramstadt, Modauhalle"]
[Date "2024.07.27"]
[Round "2.20"]
[White "Töpfer, Albrecht"]
[Black "Li, Maxim"]
[Result "1-0"]
[WhiteElo "2133"]
[BlackElo "2044"]
[PlyCount "95"]
[EventDate "2024.07.26"]
[WhiteTeam "SC Fulda"]
[BlackTeam "Wiesbadener SV 1885"]

1. d4 d5 2. Nf3 e6 3. Bf4 Bd6 4. e3 c6 5. Bd3 Qc7 6. Bg3 Nd7 7. Nbd2 e5 8. e4 Ne7 9. exd5 cxd5 10. dxe5 Nxe5 11. Nxe5 Bxe5 12. Bb5+ Kf8 13. O-O Bxg3 14. hxg3 h5 15. Nf3 Bg4 16. Be2 Rd8 17. Nd4 Qb6 18. Rb1 Bxe2 19. Nxe2 Nf5 20. Qd3 g6 21. Rfd1 Kg7 22. Nd4 Nd6 23. Qc3 Kg8 24. Qf3 Ne4 25. Qf4 Rd6 26. Qe3 Qd8 27. Ne2 h4 28. g4 Nf6 29. Rd4 Qd7 30. Qf3 Ne4 31. Rbd1 h3 32. g3 h2+ 33. Kh1 f5 34. gxf5 Qxf5 35. Qxf5 gxf5 36. Rf1 Rc6 37. c3 Rb6 38. b3 Kg7 39. Rxd5 Kf6 40. f3 Ng5 41. Nd4 Kg6 42. Rxf5 Rd6 43. Re5 Rc8 44. Re3 Rh8 45. Rf2 Rh3 46. f4 Nf7 47. Rxh2 Rxh2+ 48. Kxh2 1-0

[Event "1.GRS Open"]
[Site "Ober-Ramstadt, Modauhalle"]
[Date "2024.07.27"]
[Round "2.22"]
[White "Diehm, Alexander"]
[Black "Stork, Oliver"]
[Result "0-1"]
[WhiteElo "1976"]
[BlackElo "2379"]
[PlyCount "78"]
[EventDate "2024.07.26"]
[WhiteTeam "SC FK Babenhausen 1994"]
[BlackTeam "Klub Kölner Schachfreunde"]

1. d4 Nf6 2. c4 c5 3. d5 g6 4. Nc3 Bg7 5. e4 O-O 6. Bd3 d6 7. Nge2 e6 8. O-O Na6 9. f4 Re8 10. f5 exf5 11. exf5 Ng4 12. fxg6 hxg6 13. Ne4 Bf5 14. Ng5 Qe7 15. Bxf5 gxf5 16. Ng3 Bd4+ 17. Kh1 Nf2+ 18. Rxf2 Bxf2 19. Bf4 Bxg3 20. hxg3 Kg7 21. Qd3 Qf6 22. Bd2 Nb4 23. Qf3 Nc2 24. Rf1 Nd4 25. Qd3 Qg6 26. Be3 Ne2 27. Rf3 Re4 28. Qxe2 Qxg5 29. Qd3 Qh5+ 30. Kg1 Rae8 31. Bd2 Kg6 32. Bc3 Qg5 33. Bd2 Qg4 34. Bc3 Rxc4 35. Kf2 Rce4 36. Qb5 Re2+ 37. Kf1 Qe4 38. Kg1 Qb1+ 39. Rf1 Qc2 0-1

[Event "1.GRS Open"]
[Site "Ober-Ramstadt, Modauhalle"]
[Date "2024.07.27"]
[Round "2.23"]
[White "Weiler, Wolfgang"]
[Black "Papadopoulos, Ioannis"]
[Result "0-1"]
[WhiteElo "1921"]
[BlackElo "2196"]
[PlyCount "68"]
[EventDate "2024.07.26"]
[WhiteTeam "Schachfreunde Lohmar 1974"]
[BlackTeam "SV Oberursel"]

1. e4 c5 2. Nc3 Nc6 3. f4 g6 4. Nf3 Bg7 5. Bb5 Nd4 6. O-O Nxb5 7. Nxb5 d5 8. exd5 a6 9. Nc3 Nf6 10. d4 Nxd5 11. dxc5 Nxc3 12. bxc3 Qc7 13. Be3 Bxc3 14. Rb1 O-O 15. Qd3 Bg7 16. Rb6 Bf5 17. Qc4 Be6 18. Qe4 Rab8 19. Rfb1 Bxa2 20. Rxb7 f5 21. Qb4 Rxb7 22. Qxb7 Qxb7 23. Rxb7 Bf6 24. Ne5 Bd5 25. Ra7 Ra8 26. Rxa8+ Bxa8 27. Bd2 Bxe5 28. fxe5 Kf7 29. c4 Ke6 30. Bc3 f4 31. g3 fxg3 32. hxg3 Kf5 33. Kf2 Ke4 34. Ke2 e6 0-1